| 000 | 01646nam2a22002651 4500 | ||
|---|---|---|---|
| 001 | rc\3601105 | ||
| 005 | 20250610112651.0 | ||
| 035 | _a(NLR Aleph) 007877633 | ||
| 090 |
_a7897809 _c7897809 |
||
| 100 | _a20130115d1973 |||y0rusy50 ca | ||
| 101 | 0 | _arus | |
| 102 | _aRU | ||
| 105 | _aa b ||||| | ||
| 200 | 1 | _aМетоды построения классификаций и поисковых языков | |
| 210 |
_d1973 _aБ. м. |
||
| 215 |
_a44 с. _cил. |
||
| 423 | 0 |
_11010#$arus _12001#$aФактографическая информационно-поисковая система с автоматической корректировкой терминов _1700#1$aГорькова$bВ.И. _1701#1$aПетрина$bА.М. _tФактографическая информационно-поисковая система с автоматической корректировкой терминов _aГорькова, В.И. |
|
| 423 | 0 |
_11010#$arus _12001#$aМатематическая модель межотраслевого классификатора _1700#1$aКусков$bВ.В. _1701#1$aХромов$bЛ.Н. _tМатематическая модель межотраслевого классификатора _aКусков, В.В. |
|
| 461 | 0 |
_1001rc\3536219 _12001#$aВопросы единой теории индексирования$vВып. 7 _95657274 _cБ. м. _d1972 _nБ. и. _p38 с. _tВопросы единой теории индексирования _vВып. 7 |
|
| 700 | 1 |
_aСамков _bЛ.М. |
|
| 801 | 0 |
_aRU _bNLR _gpsbo |
|
| 801 | 1 |
_aRU _bELAR _2rusmarc |
|
| 852 |
_aNLR _j72-4/9332 |
||
| 942 | _cBOOK | ||
| 980 | _aNB | ||